[Event "TCh-FRA Top 12 2016"]
[Site "Drancy FRA"]
[Date "2016.05.30"]
[Round "3.4"]
[Board "2"]
[White "Mista, Aleksander"]
[Black "Donchenko, Alexander"]
[Result "0-1"]
[WhiteTitle "GM"]
[BlackTitle "GM"]
[WhiteElo "2593"]
[BlackElo "2569"]
[WhiteTeam "Echecs Club MONTPELLIER"]
[BlackTeam "VANDOEUVRE Echecs"]
[WhiteFideId "1110381"]
[BlackFideId "24603295"]
[EventDate "2016.05.28"]

1. Nf3 Nf6 2. g3 c5 3. Bg2 b6 4. O-O Bb7 5. c4 e6 6. b3 Be7 7. Bb2 O-O 8. Nc3 d6
9. e3 Nbd7 10. Qe2 Rc8 11. Rfd1 Qc7 12. Ne1 Bxg2 13. Nxg2 Qb7 14. d4 cxd4 15.
exd4 d5 16. cxd5 Nxd5 17. Nxd5 Qxd5 18. Ne3 Qe4 19. Qa6 Bg5 20. Nc4 Rc7 21. Ba3
Nb8 22. Qb5 Be7 23. Nd6 Qf3 24. Rd3 Qe2 25. Re3 Qd2 26. d5 Rd7 27. Re2 Qxd5 28.
Qxd5 exd5 29. Rxe7 Rxe7 30. Nf5 Re5 31. Bxf8 Kxf8 32. Nd6 Re6 33. Rc1 Rxd6 34.
Rc8+ Ke7 35. Rxb8 Rd8 36. Rb7+ Rd7 37. Rb8 Kd6 38. Kf1 Re7 39. Rc8 d4 40. Rd8+
Rd7 41. Rg8 Re7 42. Rd8+ Rd7 43. Rg8 Kc5 44. Rxg7 Re7 45. Rg8 Kb4 46. Rc8 b5 47.
f4 d3 48. Kf2 d2 49. Rd8 Kc3 50. Rc8+ Kb2 51. Rd8 Kc1 52. Rc8+ Kd1 53. h4 Re2+
54. Kf1 b4 55. Rc7 Re3 56. Kf2 Rc3 57. Rd7 Kc1 58. Ke2 Rc2 0-1

[Event "TCh-FRA Top 12 2016"]
[Site "Drancy FRA"]
[Date "2016.05.30"]
[Round "3.4"]
[Board "3"]
[White "Bailet, Pierre"]
[Black "Smith, Axel"]
[Result "1/2-1/2"]
[WhiteTitle "IM"]
[BlackTitle "GM"]
[WhiteElo "2499"]
[BlackElo "2499"]
[WhiteTeam "VANDOEUVRE Echecs"]
[BlackTeam "Echecs Club MONTPELLIER"]
[WhiteFideId "655830"]
[BlackFideId "1707930"]
[EventDate "2016.05.28"]

1. e4 e5 2. Nf3 Nc6 3. Bb5 Nge7 4. Nc3 g6 5. d4 exd4 6. Nd5 Bg7 7. Bg5 h6 8. Bf6
Bxf6 9. Nxf6+ Kf8 10. Nxd4 Nf5 11. exf5 Qxf6 12. Bxc6 dxc6 13. fxg6 Kg7 14. Qf3
Re8+ 15. Kf1 Qxf3 16. Nxf3 fxg6 17. Re1 Be6 18. b3 Rad8 19. Re3 Rd1+ 20. Re1
Rdd8 21. Re3 Rd1+ 22. Re1 Rdd8 1/2-1/2

[Event "TCh-FRA Top 12 2016"]
[Site "Drancy FRA"]
[Date "2016.05.30"]
[Round "3.4"]
[Board "4"]
[White "Flear, Glenn C"]
[Black "Hamitevici, Vladimir"]
[Result "0-1"]
[WhiteTitle "GM"]
[BlackTitle "IM"]
[WhiteElo "2452"]
[BlackElo "2468"]
[WhiteTeam "Echecs Club MONTPELLIER"]
[BlackTeam "VANDOEUVRE Echecs"]
[WhiteFideId "400165"]
[BlackFideId "13902393"]
[EventDate "2016.05.28"]

1. d4 Nf6 2. c4 b6 3. Nc3 Bb7 4. Qc2 d5 5. Bg5 dxc4 6. Qa4+ Nbd7 7. Nf3 a6 8.
Qxc4 b5 9. Qb3 c5 10. e3 Qa5 11. Be2 Rc8 12. O-O c4 13. Qc2 b4 14. Bxf6 exf6 15.
Ne4 Nb6 16. Rfc1 Be7 17. Ng3 g6 18. Nd2 c3 19. Nb3 Qg5 20. bxc3 Rxc3 21. Qd2 Na4
22. f4 Qd5 23. Bf3 Qb5 24. Bxb7 Qxb7 25. Ne2 Rxc1+ 26. Rxc1 O-O 27. Qc2 Qb5 28.
Qc4 Nc3 29. Qxb5 Nxb5 30. Kf2 f5 31. Rc6 Ra8 32. Na5 Kf8 33. Ke1 Ke8 34. Nc4 a5
35. Nb6 Ra6 36. Rc8+ Bd8 37. Na4 Nc7 38. Nc1 Ra8 39. Rxa8 Nxa8 40. Kd2 Nc7 41.
Nb3 Nd5 42. Nbc5 h5 43. g3 h4 44. e4 fxe4 45. Nxe4 Kd7 46. Nac5+ Kc6 47. Nd3 f5
48. Nec5 Kb5 49. Ne5 g5 50. Nf7 gxf4 51. gxh4 Be7 52. h5 Bxc5 53. dxc5 Kxc5 54.
h6 Nf6 55. Ne5 Kd5 56. Nf3 a4 57. Kd3 b3 58. axb3 axb3 59. Nd2 b2 60. Ke2 Ke6
61. Kf3 Ne4 62. Nb1 Ng5+ 63. Kxf4 Kf6 64. Ke3 Ne6 65. Kd3 Nc5+ 66. Kc2 Na4 67.
Nd2 Kg6 68. Nf3 Kxh6 69. h3 Kh5 70. Kb1 f4 71. Kc2 Kg6 72. Kb1 Kf6 73. Kc2 Kf5
74. Nd2 Ke6 75. Nf3 Kd5 76. Nd2 Kd4 77. Nf3+ Ke3 78. Ne5 Ke4 79. Ng4 f3 80. h4
Kf4 81. Nf2 Kf5 82. Nd3 Kf6 83. Nf4 f2 84. Nd5+ Kg6 85. Ne3 Kh5 86. Nf5 Kg4 87.
Ne3+ Kxh4 0-1

[Event "TCh-FRA Top 12 2016"]
[Site "Drancy FRA"]
[Date "2016.05.30"]
[Round "3.4"]
[Board "5"]
[White "Brunner, Nicolas"]
[Black "Libiszewski, Fabien"]
[Result "0-1"]
[WhiteTitle "IM"]
[BlackTitle "GM"]
[WhiteElo "2442"]
[BlackElo "2533"]
[WhiteTeam "VANDOEUVRE Echecs"]
[BlackTeam "Echecs Club MONTPELLIER"]
[WhiteFideId "620246"]
[BlackFideId "616834"]
[EventDate "2016.05.28"]

1. d4 d5 2. c4 e6 3. Nf3 Nf6 4. Nc3 Nbd7 5. cxd5 exd5 6. Bg5 h6 7. Bh4 c6 8. e3
g5 9. Bg3 Nh5 10. Qc2 Nxg3 11. hxg3 Bg7 12. Bd3 a5 13. O-O-O Nb6 14. Ne5 Bxe5
15. dxe5 Qe7 16. f4 Bg4 17. Rdf1 O-O-O 18. Kb1 Kb8 19. Na4 Qb4 20. Nxb6 Qxb6 21.
Qf2 c5 22. Ka1 Rhe8 23. Rc1 Ka7 24. Rc3 gxf4 25. gxf4 c4 26. Bb1 h5 27. Ra3 Qc5
28. Qd2 b6 29. Qd4 Ka6 30. Bc2 f6 31. exf6 Qxd4 32. exd4 Re6 33. f5 Re2 34. Bd1
Rxg2 35. Bxg4 Rxg4 36. b4 Rf8 37. bxa5 b5 38. Re3 Rxd4 39. Rxh5 Rxf6 40. Re6+
Rxe6 41. fxe6 Re4 42. Rxd5 Kxa5 43. Kb2 Rxe6 44. Rd8 Re2+ 45. Kc3 Re3+ 46. Kb2
Kb4 47. Ra8 Re2+ 48. Kc1 Kc3 49. Ra3+ Kd4 50. Kb1 Re3 51. Ra8 Kc3 52. Ra3+ Kd2
53. Ra8 Re1+ 54. Kb2 c3+ 55. Kb3 Rb1+ 56. Ka3 b4+ 57. Ka4 c2 58. Rd8+ Kc3 59.
Rc8+ Kb2 0-1

[Event "TCh-FRA Top 12 2016"]
[Site "Drancy FRA"]
[Date "2016.05.30"]
[Round "3.4"]
[Board "6"]
[White "Brochet, Philippe"]
[Black "Le Corre, Benjamin"]
[Result "1/2-1/2"]
[WhiteTitle "IM"]
[BlackTitle "FM"]
[WhiteElo "2379"]
[BlackElo "2351"]
[WhiteTeam "Echecs Club MONTPELLIER"]
[BlackTeam "VANDOEUVRE Echecs"]
[WhiteFideId "602469"]
[BlackFideId "639605"]
[EventDate "2016.05.28"]

1. e4 c5 2. Nf3 Nc6 3. Bb5 Nf6 4. Nc3 Qc7 5. d3 e5 6. O-O Be7 7. Bg5 d6 8. Bxf6
Bxf6 9. Nd5 Qd8 10. c3 O-O 11. a4 Be6 12. Bc4 Kh8 13. Qd2 g6 14. Nxf6 Qxf6 15.
Ng5 Bxc4 16. dxc4 Na5 17. Rad1 Nxc4 18. Qc1 Rad8 19. Rd3 Qf4 20. Qxf4 exf4 21.
b3 Ne5 22. Rd5 Rd7 23. Rfd1 Rfd8 24. Nh3 c4 25. bxc4 f3 26. Ng5 Kg7 27. Nxf3
Nxc4 28. R5d4 Na5 29. Rd5 Nc4 30. R5d4 Na5 31. Rd5 b6 32. e5 Nb7 33. Nd4 Nc5 34.
Rxd6 Rxd6 35. exd6 Kf6 36. Nc6 Rd7 37. Nb8 Rd8 38. Nc6 Rd7 39. Nb8 Rd8 40. Nc6 1/2-1/2

[Event "TCh-FRA Top 12 2016"]
[Site "Drancy FRA"]
[Date "2016.05.30"]
[Round "3.4"]
[Board "7"]
[White "Nezar, Mustapha"]
[Black "Touzane, Olivier"]
[Result "0-1"]
[WhiteTitle "IM"]
[BlackTitle "IM"]
[WhiteElo "2364"]
[BlackElo "2308"]
[WhiteTeam "VANDOEUVRE Echecs"]
[BlackTeam "Echecs Club MONTPELLIER"]
[WhiteFideId "608637"]
[BlackFideId "602906"]
[EventDate "2016.05.28"]

1. e4 e6 2. d4 d5 3. Nd2 c5 4. exd5 Qxd5 5. Ngf3 cxd4 6. Bc4 Qd7 7. O-O Nc6 8.
Nb3 Nf6 9. Nbxd4 Nxd4 10. Nxd4 a6 11. Bg5 b5 12. Bb3 Bb7 13. Re1 Ne4 14. Be3 Nc5
15. Qg4 h5 16. Qh3 O-O-O 17. Nf3 Qc7 18. a4 b4 19. a5 Be7 20. Ng5 Bxg5 21. Bxg5
Rd4 22. Be3 Rg4 23. f3 Rg6 24. Kh1 h4 25. Bc4 Ne4 26. Bxa6 Ng3+ 27. hxg3 Rxg3
28. Bxb7+ Kxb7 29. a6+ Ka8 30. Qh2 h3 31. Re2 hxg2+ 32. Rxg2 Rgh3 33. Bg1 Qc6
34. Rxg7 Qxf3+ 35. Rg2 Rg8 0-1

[Event "TCh-FRA Top 12 2016"]
[Site "Drancy FRA"]
[Date "2016.05.30"]
[Round "3.4"]
[Board "8"]
[White "Haussernot, Cecile"]
[Black "Steil-Antoni, Fiona"]
[Result "1/2-1/2"]
[WhiteTitle "WFM"]
[BlackTitle "WIM"]
[WhiteElo "2087"]
[BlackElo "2185"]
[WhiteTeam "Echecs Club MONTPELLIER"]
[BlackTeam "VANDOEUVRE Echecs"]
[WhiteFideId "601632"]
[BlackFideId "4001249"]
[EventDate "2016.05.28"]

1. d4 d5 2. Nf3 Nf6 3. g3 e6 4. Bg2 Be7 5. c4 c6 6. Nc3 O-O 7. O-O Nbd7 8. b3 b6
9. Qd3 Bb7 10. Bg5 h6 11. Bxf6 Bxf6 12. e4 dxe4 13. Nxe4 Be7 14. Rad1 Qc7 15.
Rfe1 Rfe8 16. Qc3 Rad8 17. Rd3 c5 18. d5 exd5 19. cxd5 Bd6 20. Nh4 Ne5 21. Nf5
Bf8 22. Nxh6+ Kh8 23. d6 Qd7 24. Rde3 Bxe4 25. Rxe4 gxh6 26. f4 Qxd6 27. fxe5
Qd3 28. Qc1 Bg7 29. Qf4 Re7 30. g4 Qd2 31. Qf5 Qg5 32. Qxg5 hxg5 33. R4e3 Re6
34. Bf1 Rde8 35. Bb5 R8e7 36. Rd1 Bf8 37. Rh3+ Rh6 38. Rf3 Rhe6 39. Rd8 Kg7 40.
Bd3 Rxe5 41. Kf2 Re8 42. Rd7 R8e7 43. Rd8 Re8 44. Rd7 R8e7 45. Rd8 1/2-1/2

[Event "TCh-FRA Top 12 2016"]
[Site "Drancy FRA"]
[Date "2016.05.30"]
[Round "3.5"]
[Board "1"]
[White "Duda, Jan-Krzysztof"]
[Black "Hammer, Jon Ludvig"]
[Result "1-0"]
[WhiteTitle "GM"]
[BlackTitle "GM"]
[WhiteElo "2666"]
[BlackElo "2689"]
[WhiteTeam "C.E. de BOIS COLOMBES"]
[BlackTeam "CLICHY Echecs 92"]
[WhiteFideId "1170546"]
[BlackFideId "1503707"]
[EventDate "2016.05.28"]

1. e4 e5 2. Nf3 Nc6 3. Bb5 Nf6 4. d3 Bc5 5. c3 O-O 6. O-O Re8 7. b4 Bb6 8. Bc4
h6 9. a4 a6 10. Nbd2 d6 11. Re1 Ne7 12. Qb3 Rf8 13. Ba3 Nc6 14. Nf1 Bg4 15. N3d2
Qd7 16. Ne3 Bxe3 17. Rxe3 Be6 18. Ree1 b5 19. Bxe6 fxe6 20. Nf1 Ne7 21. axb5
axb5 22. Ra2 Ng6 23. Rea1 d5 24. Qc2 Qc6 25. f3 Nf4 26. Bc1 Rxa2 27. Rxa2 dxe4
28. dxe4 Rd8 29. Ne3 Nd3 30. Bd2 Qb6 31. h3 Nh5 32. Kh2 Qd6 33. Qb3 Kh7 34. c4
Qe7 35. cxb5 Qh4 36. Nf1 Ndf4 37. Qb1 Nd3 38. Rc2 Qe7 39. Be3 Qd7 40. b6 cxb6
41. b5 Nhf4 42. Nd2 Nc5 43. Nc4 Qd3 44. Rc1 Na4 45. Qxd3 Rxd3 46. Rb1 Ne2 47.
Rb4 Nc5 48. Bxc5 bxc5 49. Rb2 Nd4 50. Nxe5 Rb3 51. Rxb3 Nxb3 52. b6 Na5 53. Kg3
Kg8 54. Kf4 Nb7 55. Nc6 Kf8 56. Ke5 Ke8 57. Kxe6 c4 58. Kd5 c3 59. Nb4 Na5 60.
Kd4 Nc6+ 61. Kxc3 1-0

[Event "TCh-FRA Top 12 2016"]
[Site "Drancy FRA"]
[Date "2016.05.30"]
[Round "3.5"]
[Board "2"]
[White "Vachier-Lagrave, Maxime"]
[Black "Bauer, Christian"]
[Result "1-0"]
[WhiteTitle "GM"]
[BlackTitle "GM"]
[WhiteElo "2788"]
[BlackElo "2634"]
[WhiteTeam "CLICHY Echecs 92"]
[BlackTeam "C.E. de BOIS COLOMBES"]
[WhiteFideId "623539"]
[BlackFideId "603767"]
[EventDate "2016.05.28"]

1. e4 e6 2. d4 d5 3. Nc3 Bb4 4. Ne2 Nc6 5. a3 Ba5 6. exd5 exd5 7. Ng3 Nf6 8. Be2
O-O 9. O-O Re8 10. b4 Bb6 11. Be3 a5 12. b5 Ne7 13. Bd3 Ng6 14. Bg5 Bxd4 15.
Bxg6 Bxc3 16. Bxh7+ Kf8 17. Rb1 Qd6 18. Bf5 Bxf5 19. Nxf5 Qe5 20. Bxf6 Qxf6 21.
Qxd5 Rad8 22. Qc5+ Kg8 23. Rb3 Be5 24. Rf3 Qe6 25. h4 b6 26. Qe3 Qc4 27. g3 Bf6
28. Qb3 Qxb3 29. cxb3 Re4 30. Rc1 Rd7 31. a4 Bb2 32. Rc6 Ba3 33. Re3 Rxe3 34.
Nxe3 Bc5 35. Nc4 Rd3 36. Nxa5 Rxg3+ 37. Kf1 Rf3 38. Rxc7 Rxf2+ 39. Ke1 Rf5 40.
Nc4 g5 41. hxg5 Rxg5 42. Rxc5 Rxc5 43. Nxb6 Re5+ 44. Kf2 Rf5+ 45. Ke3 Kf8 46.
Ke4 Rf1 47. Nd5 1-0

[Event "TCh-FRA Top 12 2016"]
[Site "Drancy FRA"]
[Date "2016.05.30"]
[Round "3.5"]
[Board "3"]
[White "Ipatov, Alexander"]
[Black "Tregubov, Pavel V."]
[Result "1-0"]
[WhiteTitle "GM"]
[BlackTitle "GM"]
[WhiteElo "2648"]
[BlackElo "2593"]
[WhiteTeam "C.E. de BOIS COLOMBES"]
[BlackTeam "CLICHY Echecs 92"]
[WhiteFideId "14116731"]
[BlackFideId "4115341"]
[EventDate "2016.05.28"]

1. d4 Nf6 2. c4 c5 3. d5 b5 4. cxb5 a6 5. bxa6 g6 6. Nc3 Bg7 7. e4 O-O 8. Nf3
Qa5 9. Nd2 Bxa6 10. Be2 d6 11. O-O Nfd7 12. a4 Bxc3 13. bxc3 Qxc3 14. Ra3 Qb4
15. a5 Nf6 16. Bxa6 Rxa6 17. Ra4 Qb5 18. Nc4 Nbd7 19. f3 Rb8 20. Bd2 Qb3 21.
Qxb3 Rxb3 22. Raa1 e6 23. Rab1 Rxb1 24. Rxb1 exd5 25. exd5 Kf8 26. Bf4 Nxd5 27.
Bxd6+ Kg7 28. Rb7 Ne3 29. Nb6 Nxb6 30. axb6 Ra2 31. Be5+ Kf8 32. Bf6 1-0

[Event "TCh-FRA Top 12 2016"]
[Site "Drancy FRA"]
[Date "2016.05.30"]
[Round "3.5"]
[Board "4"]
[White "Fressinet, Laurent"]
[Black "Bachmann, Axel"]
[Result "0-1"]
[WhiteTitle "GM"]
[BlackTitle "GM"]
[WhiteElo "2692"]
[BlackElo "2632"]
[WhiteTeam "CLICHY Echecs 92"]
[BlackTeam "C.E. de BOIS COLOMBES"]
[WhiteFideId "608742"]
[BlackFideId "3700488"]
[EventDate "2016.05.28"]

1. e4 Nc6 2. Nf3 e5 3. Bb5 a6 4. Ba4 Nf6 5. O-O Be7 6. d3 d6 7. c3 O-O 8. Nbd2
b5 9. Bc2 d5 10. Re1 d4 11. Nf1 Nd7 12. a4 Rb8 13. axb5 axb5 14. Bb3 Bf6 15.
cxd4 exd4 16. Bf4 Nc5 17. Rc1 Be7 18. Bd5 Nb4 19. Nxd4 Rb6 20. Qd2 Nbxd3 21. b4
Nxf4 22. bxc5 Bg5 23. Qc2 Rg6 24. Rcd1 Nxd5 25. exd5 Qxd5 26. Nxb5 Qb7 27. Nd4
Bf6 28. Ng3 h5 29. Qe4 h4 30. c6 Qb4 31. Ngf5 Rg5 32. Ne7+ Bxe7 33. Qxe7 Qxe7
34. Rxe7 Bh3 35. Rd3 Ra8 36. Rde3 Rxg2+ 37. Kh1 Ra1+ 38. Re1 Rxe1+ 39. Rxe1 Rg4
40. Re8+ Kh7 41. Rd8 Bg2+ 42. Kg1 Bd5+ 0-1

[Event "TCh-FRA Top 12 2016"]
[Site "Drancy FRA"]
[Date "2016.05.30"]
[Round "3.5"]
[Board "5"]
[White "Maze, Sebastien"]
[Black "Hamdouchi, Hicham"]
[Result "1/2-1/2"]
[WhiteTitle "GM"]
[BlackTitle "GM"]
[WhiteElo "2614"]
[BlackElo "2585"]
[WhiteTeam "C.E. de BOIS COLOMBES"]
[BlackTeam "CLICHY Echecs 92"]
[WhiteFideId "613762"]
[BlackFideId "9000011"]
[EventDate "2016.05.28"]

1. e4 c5 2. Nf3 e6 3. d4 cxd4 4. Nxd4 Nf6 5. Nc3 Nc6 6. g3 d5 7. exd5 exd5 8.
Bg2 Bg4 9. Nce2 Bc5 10. f3 Bd7 11. Be3 Qe7 12. Qd2 O-O 13. O-O Rfe8 14. Bf2 Ne5
15. b3 Rac8 16. Rfe1 Qd6 17. c3 a5 18. Nf4 b5 19. Nd3 Nxd3 20. Rxe8+ Rxe8 21.
Qxd3 b4 22. Rc1 Qb6 23. Bf1 Ra8 24. Qd2 h6 25. Bd3 Rc8 26. Bb1 Rc7 27. Qd3 g6
28. Kg2 h5 29. cxb4 axb4 30. Qd2 Rc8 31. Qf4 Ne8 32. Re1 Ng7 33. Qd2 Qd6 34. Rc1
Re8 35. Nf5 Bxf5 36. Bxc5 Qa6 37. Kf2 Bxb1 38. Rxb1 Nf5 39. Re1 Rxe1 40. Kxe1 d4
41. Bxb4 h4 42. g4 Ne3 43. Qe2 Qe6 44. Bd2 Qe5 45. a4 h3 46. Bxe3 dxe3 47. Kd1
Qa1+ 48. Kc2 Qa2+ 49. Kd3 Qxb3+ 50. Ke4 Qxa4+ 51. Kxe3 1/2-1/2

[Event "TCh-FRA Top 12 2016"]
[Site "Drancy FRA"]
[Date "2016.05.30"]
[Round "3.5"]
[Board "6"]
[White "Tkachiev, Vladislav"]
[Black "Cornette, Matthieu"]
[Result "1/2-1/2"]
[WhiteTitle "GM"]
[BlackTitle "GM"]
[WhiteElo "2660"]
[BlackElo "2579"]
[WhiteTeam "CLICHY Echecs 92"]
[BlackTeam "C.E. de BOIS COLOMBES"]
[WhiteFideId "618438"]
[BlackFideId "620084"]
[EventDate "2016.05.28"]

1. Nf3 Nf6 2. g3 g6 3. Bg2 Bg7 4. d4 O-O 5. O-O d5 6. c4 Nc6 7. cxd5 Nxd5 8. e4
Nb6 9. d5 Na5 10. Qe1 Nac4 11. Nc3 e6 12. b3 Qf6 13. bxc4 Qxc3 14. Qxc3 Bxc3 15.
Rb1 exd5 16. cxd5 Re8 17. Bd2 Bg7 18. Rfe1 Bd7 19. Bf4 c6 20. Nd2 cxd5 21. exd5
Bf5 22. Rbc1 Bb2 23. Rxe8+ Rxe8 24. Rc7 Be5 25. Bxe5 Rxe5 26. Nf1 Re2 27. h3
Rxa2 28. Ne3 Bd7 29. Rxb7 Kf8 30. d6 Rd2 31. Rxa7 Rxd6 32. Ra6 1/2-1/2

[Event "TCh-FRA Top 12 2016"]
[Site "Drancy FRA"]
[Date "2016.05.30"]
[Round "3.5"]
[Board "7"]
[White "Vuilleumier, Alexandre"]
[Black "Delorme, Axel"]
[Result "0-1"]
[WhiteTitle "IM"]
[BlackTitle "IM"]
[WhiteElo "2384"]
[BlackElo "2502"]
[WhiteTeam "C.E. de BOIS COLOMBES"]
[BlackTeam "CLICHY Echecs 92"]
[WhiteFideId "1305662"]
[BlackFideId "632023"]
[EventDate "2016.05.28"]

1. d4 Nf6 2. Nf3 e6 3. g3 d5 4. Bg2 b5 5. O-O Nbd7 6. a4 b4 7. c4 bxc3 8. bxc3
Ba6 9. Re1 Be7 10. Ba3 O-O 11. Ne5 Nxe5 12. dxe5 Nd7 13. e4 c6 14. Qd4 Nb6 15.
Bc5 Nc4 16. Na3 Bxc5 17. Qxc5 Qb6 18. Qxb6 axb6 19. Nxc4 Bxc4 20. Bf1 Bxf1 21.
Kxf1 Ra6 22. Rab1 Rxa4 23. Rxb6 Rc4 24. exd5 cxd5 25. Re3 g5 26. Rb4 Rfc8 27.
Rxc4 Rxc4 28. h3 h5 29. Ke2 Kg7 30. f3 Kg6 31. g4 Ra4 32. Rd3 h4 33. Rd2 f6 34.
exf6 Kxf6 35. Ke3 Ke5 36. Re2 Kf6 37. Rf2 Ra3 38. Kd4 Ra1 39. f4 Ra4+ 0-1

[Event "TCh-FRA Top 12 2016"]
[Site "Drancy FRA"]
[Date "2016.05.30"]
[Round "3.5"]
[Board "8"]
[White "Skripchenko, Almira"]
[Black "Guichard, Pauline"]
[Result "1-0"]
[WhiteTitle "IM"]
[BlackTitle "WGM"]
[WhiteElo "2453"]
[BlackElo "2386"]
[WhiteTeam "CLICHY Echecs 92"]
[BlackTeam "C.E. de BOIS COLOMBES"]
[WhiteFideId "13900145"]
[BlackFideId "639370"]
[EventDate "2016.05.28"]

1. Nf3 Nf6 2. g3 e6 3. Bg2 d5 4. O-O c5 5. d3 Be7 6. Nbd2 Nc6 7. e4 O-O 8. Re1
Rb8 9. a4 a6 10. e5 Nd7 11. Nf1 Re8 12. h4 b5 13. axb5 axb5 14. Bf4 Nf8 15. h5
h6 16. N1h2 Nh7 17. Qd2 Bb7 18. d4 c4 19. Ng4 Bb4 20. c3 Be7 21. Nfh2 b4 22. Be3
Bf8 23. f4 Ne7 24. Bf2 Bc6 25. Ne3 Qd7 26. Nf3 bxc3 27. bxc3 Rb3 28. g4 Reb8 29.
Ra2 Qb7 30. Re2 Ra8 31. Rxa8 Qxa8 32. f5 Qa1+ 33. Be1 Ba4 34. fxe6 fxe6 35. g5
Nxg5 36. Nxg5 hxg5 37. Bh3 Rb6 38. Rf2 Bd7 39. Ng2 Rb1 40. Rf1 Rd1 41. Qxg5 Qb1
42. Bg4 Rc1 43. h6 Ng6 44. Bh5 Be7 45. h7+ Kxh7 46. Bxg6+ Qxg6 47. Qxc1 1-0

[Event "TCh-FRA Top 12 2016"]
[Site "Drancy FRA"]
[Date "2016.05.30"]
[Round "3.6"]
[Board "1"]
[White "Sanikidze, Tornike"]
[Black "Wagner, Dennis"]
[Result "1/2-1/2"]
[WhiteTitle "GM"]
[BlackTitle "GM"]
[WhiteElo "2537"]
[BlackElo "2571"]
[WhiteTeam "C.E. STRASBOURG"]
[BlackTeam "NICE Alekhine"]
[WhiteFideId "13602608"]
[BlackFideId "24650684"]
[EventDate "2016.05.28"]

1. d4 Nf6 2. c4 g6 3. f3 d5 4. cxd5 Nxd5 5. e4 Nb6 6. Nc3 Bg7 7. Be3 O-O 8. Qd2
e5 9. d5 c6 10. h4 cxd5 11. exd5 N8d7 12. h5 Nf6 13. hxg6 fxg6 14. O-O-O Bd7 15.
Kb1 Rc8 16. d6 e4 17. Bh6 Na4 18. Nd5 Nxd5 19. Bxg7 e3 20. Qxd5+ Kxg7 21. Bb5
Qf6 22. Bxa4 Bxa4 23. Qxb7+ Qf7 24. Qxf7+ Rxf7 25. b3 Bb5 26. Nh3 h6 27. Rhe1
Re8 28. Kb2 g5 29. Ng1 g4 30. a4 gxf3 31. Nxf3 Bc6 32. Nd4 Rf2+ 33. Ka3 Bd7 34.
Rc1 Rd2 35. Rc7 Rxd4 36. Rxd7+ Kg6 37. Rxa7 Rxd6 38. Rc7 Rd2 39. Rcc1 e2 40. Rb1
Kf5 41. a5 Kf4 42. b4 Red8 43. Rb3 Re8 44. Rbb1 Red8 45. Rb3 Re8 1/2-1/2

[Event "TCh-FRA Top 12 2016"]
[Site "Drancy FRA"]
[Date "2016.05.30"]
[Round "3.6"]
[Board "2"]
[White "Gharamian, Tigran"]
[Black "Nataf, Igor-Alexandre"]
[Result "1/2-1/2"]
[WhiteTitle "GM"]
[BlackTitle "GM"]
[WhiteElo "2627"]
[BlackElo "2531"]
[WhiteTeam "NICE Alekhine"]
[BlackTeam "C.E. STRASBOURG"]
[WhiteFideId "13301527"]
[BlackFideId "605492"]
[EventDate "2016.05.28"]

1. e4 c5 2. Nf3 Nc6 3. Bb5 g6 4. Bxc6 bxc6 5. O-O Bg7 6. Re1 Nh6 7. h3 O-O 8. c3
f5 9. e5 Nf7 10. d3 Ba6 11. c4 d6 12. e6 Ne5 13. Nc3 Bc8 14. Bf4 Nxf3+ 15. Qxf3
Rb8 16. Qxc6 Rxb2 17. Nb5 Rxb5 18. cxb5 Bxa1 19. Rxa1 Bxe6 20. Re1 Qd7 21. Qxd7
Bxd7 22. Rxe7 Rf7 23. Bxd6 Bxb5 24. Rxf7 Kxf7 25. Bxc5 a6 26. d4 Ke6 27. Kh2 f4
28. h4 Bc4 29. a3 h5 30. f3 Kd5 31. Kg1 Bb5 32. Kf2 Ba4 33. Bb6 Bb5 34. Ke1 Bc4
35. a4 Bb3 36. a5 Bc4 37. Kf2 Bb5 38. Bc7 Kxd4 39. Bxf4 Kd5 40. g4 Ke6 41. Ke3
Bd7 42. Bc7 Kf7 43. Kf4 Bc6 44. Be5 Bb7 45. Bc3 Bc6 46. Kg3 Bd7 47. Kf4 Bc6 48.
Kg3 Bd7 49. Kf4 1/2-1/2

[Event "TCh-FRA Top 12 2016"]
[Site "Drancy FRA"]
[Date "2016.05.30"]
[Round "3.6"]
[Board "3"]
[White "Baklan, Vladimir"]
[Black "Rambaldi, Francesco"]
[Result "1/2-1/2"]
[WhiteTitle "GM"]
[BlackTitle "GM"]
[WhiteElo "2614"]
[BlackElo "2554"]
[WhiteTeam "C.E. STRASBOURG"]
[BlackTeam "NICE Alekhine"]
[WhiteFideId "14102196"]
[BlackFideId "20657307"]
[EventDate "2016.05.28"]

1. e4 e6 2. d4 d5 3. Nd2 Be7 4. Bd3 c5 5. dxc5 Nf6 6. Qe2 a5 7. Ngf3 O-O 8. O-O
Na6 9. e5 Nd7 10. c3 Naxc5 11. Bb5 f6 12. exf6 Bxf6 13. Nb3 a4 14. Nxc5 Nxc5 15.
Be3 Ne4 16. Bd3 a3 17. Bxe4 dxe4 18. Nd4 e5 19. Nb5 axb2 20. Qxb2 Qe7 21. Qb4
Qxb4 22. cxb4 Rd8 23. a4 Bd7 24. Na7 Be6 25. b5 Rd3 26. b6 Bd8 27. a5 Bc4 28.
Rfc1 Ba6 29. h3 Be7 30. Rc7 Bb4 31. Ra4 Bd6 32. Rc1 Ra3 33. Rxa3 Bxa3 34. Rb1
Bd3 35. Rb3 Be7 36. f3 Rd8 37. Nc6 bxc6 38. b7 Bd6 39. Rb6 Rb8 40. Rxc6 Rxb7 41.
Rxd6 Rb1+ 42. Kh2 Ra1 43. Rd5 Ra2 44. Kg3 Bf1 45. fxe4 Rxg2+ 46. Kf3 Ra2 47. h4
Bg2+ 48. Kg3 Bxe4 49. Rxe5 Bd3 50. Rd5 Bf1 51. Bd2 Ra3+ 52. Kf2 Rd3 53. Rxd3
Bxd3 54. Ke3 Bf1 55. Kd4 Kf7 56. Kc5 Kg6 57. Kb6 1/2-1/2

[Event "TCh-FRA Top 12 2016"]
[Site "Drancy FRA"]
[Date "2016.05.30"]
[Round "3.6"]
[Board "4"]
[White "Stevic, Hrvoje"]
[Black "Rozentalis, Eduardas"]
[Result "1-0"]
[WhiteTitle "GM"]
[BlackTitle "GM"]
[WhiteElo "2607"]
[BlackElo "2593"]
[WhiteTeam "NICE Alekhine"]
[BlackTeam "C.E. STRASBOURG"]
[WhiteFideId "14502569"]
[BlackFideId "12800023"]
[EventDate "2016.05.28"]

1. e4 Nf6 2. e5 Nd5 3. d4 d6 4. Nf3 dxe5 5. Nxe5 c6 6. Be2 Bf5 7. O-O Nd7 8. Nf3
e6 9. c4 N5b6 10. Nc3 Be7 11. Bf4 O-O 12. Qb3 Nf6 13. h3 Ne4 14. Rfd1 h6 15. a4
a5 16. Bd3 Nxc3 17. bxc3 Bxd3 18. Rxd3 Ra7 19. Rb1 Nd7 20. Ne5 Nxe5 21. Bxe5 Bd6
22. Qb6 Qxb6 23. Rxb6 Rd8 24. Bxd6 Rxd6 25. f4 Kf8 26. Rd1 Ke7 27. Rdb1 Rd7 28.
Kf2 Kd8 29. Ke3 Kc8 30. Ke4 Ra8 31. g4 Rb8 32. h4 Kc7 33. h5 Kd6 34. R6b2 f5+
35. gxf5 exf5+ 36. Kxf5 Rf8+ 37. Ke4 Rdf7 38. c5+ Ke6 39. Rxb7 Rxf4+ 40. Kd3 Kd5 1-0